Music Quiz

Random Music or Song Quiz

Parenthetical Titles Quiz Stats

Quiz Updated Feb 17, 2012

Challenge
Share
Tweet
Embed
Score 0/40 Timer 10:00
3 Plays Today
Hint Song % Correct
(I Can't Get No) _____Satisfaction
93%
_____ (Looks Like a Lady)Dude
73.6%
_____ (For a White Guy)Pretty Fly
71.4%
(Don't Fear) _____The Reaper
67.3%
(You Gotta) _____ (To Party!)Fight for Your Right
65.3%
(Everything I Do) _____I Do It for You
63%
_____ (But I Won't Do That)I'd Do Anything for Love
60.5%
_____ (Forget About Me)Don't You
59%
_____ (I Like It)That's the Way
57.8%
(Sittin’ On) _____The Dock of the Bay
55.3%
_____ (And I Feel Fine)It's the End of the World as We Know It
50.8%
_____ (Not Constantinople)Istanbul
42.5%
_____ (Time of Your Life)Good Riddance
39.3%
_____ (In the Name of Love)Pride
30%
_____ (Get It On)Bang a Gong
28.3%
_____ (War is Over)Happy Xmas
27.1%
_____ (She's So Heavy)I Want You
25.7%
_____ (500 Miles)I'm Gonna Be
24.8%
_____ (The Sweater Song)Undone
24.4%
_____ (Anthony's Song)Movin' Out
22.4%
Hint Song % Correct
_____ (Take a Look at Me Now)Against All Odds
22.2%
_____ (The Pina Colada Song)Escape
20.3%
_____ (No Can Do)I Can't Go for That
19.2%
_____ (Running Away with Me)Just My Imagination
18.7%
_____ (Falettinme Be Mice Elf Agin)Thank You
18.5%
_____ (Slight Return)Voodoo Child
17.4%
(What's So Funny 'Bout) _____Peace, Love, and Understanding
16.9%
_____ (Worlds Apart)Separate Ways
14.7%
_____ (No More Love on the Run)Caribbean Queen
14.6%
_____ (Man in Motion)St. Elmo's Fire
13.9%
_____ (Sail Away)Orinoco Flow
13.1%
_____ (In a Rock and Roll Band)I'm Just a Singer
12.1%
_____ (Lies)Rebellion
10.8%
_____ (She's Just a Woman)Living Loving Maid
9.7%
_____ (To Feel This Damn Old)Much Too Young
9.4%
_____ (To See What Condition My Condition Was In)Just Dropped In
8.4%
(White Man) _____In Hammersmith Palais
4.9%
_____ (Putting Out Fire)Cat People
4.9%
_____ (Come and Take Me)Here I Am
4.8%
_____ (Naive Melody)This Must Be the Place
4.5%

You're not logged in!

Compare scores with friends on all Sporcle quizzes.
Sign Up with Email
OR
Log In

You Might Also Like...

Show Comments

Extras

Top Quizzes Today


Score Distribution

Your Account Isn't Verified!

In order to create a playlist on Sporcle, you need to verify the email address you used during registration. Go to your Sporcle Settings to finish the process.